000
00244nam a2200097Ia 4500
001
988099
005
20250826221132.0
008
250824s9999 xx 000 0 und d
245
0
_a
KENDİNİ ARAMAK
_c
İHSAN FAZILOĞLU
260
_b
KETEBE YAYINEVİ
999
_c
988099
_d
988099